[Event "4NCL Division 1b"]
[Site "Hinckley Island ENG"]
[Date "2014.02.16"]
[Round "6.183"]
[White "Milliet, Sophie"]
[Black "Varnam, Liam D"]
[Result "1/2-1/2"]
[WhiteElo "2396"]
[BlackElo "2112"]
[PlyCount "81"]
[EventDate "2014.02.16"]
[WhiteTeam "3Cs 1"]
[BlackTeam "Grantham Sharks 2"]

1. e4 c5 2. Nf3 Nc6 3. Nc3 e5 4. Bc4 d6 5. d3 Be7 6. O-O Bg4 7. h3 Bh5 8. Nd5
Nf6 9. Ne3 Bxf3 10. Qxf3 Nd4 11. Qd1 b5 12. Bd5 Nxd5 13. Nxd5 O-O 14. c3 Ne6
15. a4 bxa4 16. Rxa4 a6 17. Qb3 Nc7 18. Nxc7 Qxc7 19. Qa2 Qb6 20. Be3 Qb5 21.
c4 Qb7 22. Ra1 Rfb8 23. Bc1 Qb3 24. Qxb3 Rxb3 25. R1a3 Rb6 26. Kf1 h6 27. Ke2
Bg5 28. Kd1 Kf8 29. Bxg5 hxg5 30. Kc2 Ke7 31. Rb3 Rab8 32. Rxb6 Rxb6 33. Kc3
Kd7 34. Ra1 Kc6 35. Re1 Rb8 36. Re3 Rh8 37. Re1 Rb8 38. Ra1 Kb6 39. Ra3 Rh8 40.
f3 g6 41. Ra1 1/2-1/2

[Event "4NCL Division 1b"]
[Site "Hinckley Island ENG"]
[Date "2014.02.16"]
[Round "6.184"]
[White "Batchelor, Peter J"]
[Black "Longson, Alexander"]
[Result "1/2-1/2"]
[WhiteElo "2135"]
[BlackElo "2341"]
[PlyCount "77"]
[EventDate "2014.02.16"]
[WhiteTeam "Grantham Sharks 2"]
[BlackTeam "3Cs 1"]

1. d4 d5 2. c4 e6 3. Nc3 c6 4. Nf3 dxc4 5. a4 Bb4 6. g3 c5 7. Bg2 Nc6 8. Be3
Nf6 9. dxc5 Nd5 10. Bd2 Nxc3 11. Bxc3 Bxc3+ 12. bxc3 Qa5 13. O-O Qxc5 14. Nd4
e5 15. Nxc6 bxc6 16. a5 Rb8 17. Qa4 Rb5 18. a6 Bf5 19. Qa3 Qxa3 20. Bxc6+ Bd7
21. Bxd7+ Kxd7 22. Rxa3 Rhb8 23. Ra4 Rc5 24. f4 Rb2 25. fxe5 Ke6 26. Rf4 Rxe2
27. Raxc4 Rxc4 28. Rxc4 Ra2 29. Rc6+ Kd7 30. Rd6+ Kc7 31. h4 Ra5 32. Rd4 Rxa6
33. Kf2 Re6 34. Re4 Kc6 35. Kf3 Kd5 36. Kf4 Rc6 37. Rd4+ Ke6 38. Ra4 Rxc3 39.
Ra6+ 1/2-1/2

[Event "4NCL Division 1b"]
[Site "Hinckley Island ENG"]
[Date "2014.02.16"]
[Round "6.185"]
[White "Bentley, John L"]
[Black "Birtwistle, Nigel"]
[Result "1-0"]
[WhiteElo "2239"]
[BlackElo "2146"]
[PlyCount "115"]
[EventDate "2014.02.16"]
[WhiteTeam "3Cs 1"]
[BlackTeam "Grantham Sharks 2"]

1. d4 Nf6 2. c4 c5 3. d5 b5 4. cxb5 a6 5. bxa6 g6 6. Nc3 Bxa6 7. Nf3 d6 8. e4
Bxf1 9. Kxf1 Qc8 10. g3 Qh3+ 11. Kg1 Bg7 12. Ng5 Qg4 13. Kg2 O-O 14. Qxg4 Nxg4
15. f4 Nd7 16. Re1 Nb6 17. h3 Nf6 18. Rb1 Nfd7 19. Re2 Rfb8 20. Nf3 Na4 21.
Nxa4 Rxa4 22. b3 c4 23. bxa4 Rxb1 24. Rc2 Rb4 25. a5 Ra4 26. Nd2 c3 27. Nb3
Rxe4 28. Kf3 Ra4 29. Ke2 Nc5 30. Nxc5 dxc5 31. a3 c4 32. Ra2 f5 33. Be3 Rxa5
34. a4 Kf7 35. Bb6 c2 36. Kd2 Rxd5+ 37. Kxc2 c3 38. a5 Rd2+ 39. Kb3 Rxa2 40.
Kxa2 c2 41. Be3 Bd4 42. Bc1 Ke6 43. Kb3 Kd5 44. Kxc2 Ke4 45. a6 Kf3 46. Bb2 Ba7
47. Kd3 Kxg3 48. Bd4 Bb8 49. Be5 Ba7 50. Kc4 Kxh3 51. Bd4 Bb8 52. Kd5 Kg2 53.
Kc6 h5 54. Kb7 Ba7 55. Kxa7 h4 56. Kb6 h3 57. a7 h2 58. a8=Q+ 1-0

[Event "4NCL Division 1b"]
[Site "Hinckley Island ENG"]
[Date "2014.02.16"]
[Round "6.186"]
[White "Murphy, Hugh W"]
[Black "Qiu, Tong"]
[Result "0-1"]
[WhiteElo "2158"]
[BlackElo "2302"]
[PlyCount "46"]
[EventDate "2014.02.16"]
[WhiteTeam "Grantham Sharks 2"]
[BlackTeam "3Cs 1"]

1. e4 c6 2. d4 d5 3. exd5 cxd5 4. Bd3 Nf6 5. c3 Nc6 6. Bf4 g6 7. Nf3 Bg7 8.
Nbd2 Nh5 9. Be3 Qd6 10. O-O f5 11. Nb3 O-O 12. Re1 f4 13. Bd2 Kh8 14. c4 Bg4
15. cxd5 Nxd4 16. Nbxd4 Bxd4 17. h3 Bxf2+ 18. Kh1 Bxe1 19. Qxe1 Bxf3 20. gxf3
Qxd5 21. Bc3+ Kg8 22. Be4 Ng3+ 23. Qxg3 Qxe4 0-1

[Event "4NCL Division 1b"]
[Site "Hinckley Island ENG"]
[Date "2014.02.16"]
[Round "6.187"]
[White "House, Glenn L"]
[Black "Kafka, Graeme"]
[Result "1/2-1/2"]
[WhiteElo "2207"]
[BlackElo "2047"]
[PlyCount "84"]
[EventDate "2014.02.16"]
[WhiteTeam "3Cs 1"]
[BlackTeam "Grantham Sharks 2"]

1. e4 c5 2. Nc3 Nc6 3. g3 g6 4. Bg2 Bg7 5. d3 d6 6. f4 e6 7. Nf3 Nge7 8. O-O
O-O 9. Be3 Nd4 10. e5 Nef5 11. Bf2 d5 12. Na4 b6 13. Nxd4 Nxd4 14. b4 Qe8 15.
c3 Bd7 16. Nb2 Nb5 17. bxc5 Nxc3 18. Qd2 Na4 19. Nxa4 Bxa4 20. cxb6 axb6 21.
Bxb6 Qc6 22. Bd4 Qc2 23. Rf2 Rfc8 24. Bf1 Bf8 25. Qe3 Qc6 26. Rb2 Ba3 27. Rb6
Qc2 28. g4 Bc1 29. Qg3 Rab8 30. Rxb8 Rxb8 31. Be3 Bxe3+ 32. Qxe3 Rb2 33. Qg3
Qc5+ 34. Kh1 d4 35. Bg2 Bc6 36. Bxc6 Qxc6+ 37. Kg1 Qc2 38. a4 Rb1+ 39. Rxb1
Qxb1+ 40. Kg2 Qc2+ 41. Kh3 Qxa4 42. Qf3 Qa5 1/2-1/2

[Event "4NCL Division 1b"]
[Site "Hinckley Island ENG"]
[Date "2014.02.16"]
[Round "6.188"]
[White "Summerscale, Claire E"]
[Black "Walton, Alan J"]
[Result "0-1"]
[WhiteElo "1949"]
[BlackElo "2079"]
[PlyCount "94"]
[EventDate "2014.02.16"]
[WhiteTeam "Grantham Sharks 2"]
[BlackTeam "3Cs 1"]

1. d4 d5 2. Nc3 Nf6 3. Bg5 e6 4. e4 Bb4 5. e5 h6 6. Bd2 Bxc3 7. bxc3 Ne4 8. Bd3
Nxd2 9. Qxd2 c5 10. Nf3 Qa5 11. c4 Qxd2+ 12. Kxd2 dxc4 13. Bxc4 O-O 14. c3 Bd7
15. Rab1 Bc6 16. Ke3 Nd7 17. Bb5 cxd4+ 18. cxd4 Bxb5 19. Rxb5 Nb6 20. Rc5 Nd5+
21. Ke4 b6 22. Rc4 Rfc8 23. Rhc1 Rxc4 24. Rxc4 b5 25. Rc2 a5 26. Nd2 b4 27. Nb3
a4 28. Nc5 b3 29. axb3 a3 30. Na4 Nb4 31. Rc1 a2 32. Ra1 Rc8 33. Nc5 Ra8 34.
Na4 Rd8 35. f4 g5 36. g3 gxf4 37. gxf4 Kh7 38. Nc5 Ra8 39. Na4 Rg8 40. Nc5 Rg2
41. Nd3 Nd5 42. Nc1 Rxh2 43. Nxa2 Rxa2 44. Rxa2 Nc3+ 45. Kf3 Nxa2 46. f5 Nb4
47. fxe6 fxe6 0-1